Państwa w kółkach wyciętych z mapy #2 - Statystyki

Ogólne statystyki
  • Ten quiz został rozwiązany 16 razy
  • Średni wynik to 7 z 8
Statystyki odpowiedzi
Obrazkowy Odpowiedź % Poprawnych
Norwegia/Szwecja/Dania/Niemcy
100%
Portugalia/Hiszpania/Maroko/Algieria
100%
Rosja/Chiny/Japonia
100%
Botswana/Zimbabwe/Mozambik/R.P.A./Eswatini
93%
Indonezja/Papua Nowa Gwinea/Australia
93%
Stany Zjednoczone/Meksyk/Kuba
86%
Kazachstan/Chiny/Kirgistan/Uzbekistan/Tadżykistan
79%
Kolumbia/Peru/Ekwador/Brazylia
79%
Nie znaleziono quizów pasujących do podanych kryteriów
Rozkład punktacji
Procent ludzi z każdym wynikiem
Percentyl według liczby udzielonych odpowiedzi
Twoja historia wyników
Nie rozwiązałeś tego quizu